000 00308nam a2200109Ia 4500
008 171211s9999 xx 000 0 und d
245 4 _aThe Cosmos For Kids (I Spy Universe)
245 _cSpeedy Publishing LLC
260 _c2014
650 _xASTRONOMY
856 _uhttp://down.ebook777.com/064/1680321293.pdf
999 _c349392
_d349392